000
00256nam a2200097Ia 4500
001
1197662
005
20250827021831.0
008
250824s9999 xx 000 0 und d
245
0
_a
ŞAN KIZI DESTANI
_c
AVİDAN AYDIN
260
_b
KÜLTÜR BAKANLIĞI YAYINLARI
999
_c
1197662
_d
1197662